Statistiques concernant Prénoms masculins les plus populaires par A

Cliquez ici pour prendre le quiz!

Statistiques générales

  • Ce quiz a été pris 1 107 fois
  • Le résultat moyen est 11 sur 19

Statistiques - réponses

HintRéponse% Correct
4èmeAntoine
85%
3èmeAlexandre
79%
2èmeAlain
72%
6èmeAnthony
70%
5èmeAlbert
68%
1erAndré
67%
12èmeArthur
67%
8èmeAlexis
66%
9èmeAdrien
60%
7èmeArnaud
55%
14èmeArmand
54%
11èmeAurélien
50%
15èmeAxel
47%
10èmeAuguste
45%
13èmeAlfred
41%
16èmeAlphonse
39%
18èmeAntonin
38%
19èmeAugustin
37%
17èmeAimé
25%

Distribution des résultats

Percentile par nombre de réponses

% des personnes avec chaque résultat

Votre développement - résultats

Vous n’avez pas pris ce quiz